000 00731nam a2200205Ii 4500
003 JO-AjNU
008 230605s9999||||xx |||||||||||||| ||und||
040 _aJO-AjNU
_bara
_erda
_cJO-AjNU
041 _aara
050 1 4 _aBP166.72.M83 1999
100 3 _aمنصور، محمد خالد,
_eauthor
_941066
245 0 0 _aالأحكام الطبية المتعلقة بالنساء في الفقه الإسلامي
250 _aط1
264 3 1 _aعمان: دار النفائس للنشر والتوزيع، 1999
300 _a247ص
336 _atext
_btxt
_2rdacontent
337 _aunmediated
_bn
_2rdamedia
338 _avolume
_bnc
_2rdacarrier
650 4 _aالمرأة(فقه اسلامي)- الاسلام والطب
_941067
999 _aA17478
_c21046
_d21046